Chủ nghĩa hiện sinh : Dẫn luận ngắn = Existentialism : A very short introduction
Nội dung sách giới thiệu về triết học như một phương cách sống, trở thành cá nhân. Thuyết nhân bản: ủng hộ và chống đối. Tính đích thực. Một chủ nghĩa cá nhân bị chế ước? thuyết hiện sinh và tư tưởng xã hội. Chủ nghĩa hiện sinh tro...
Kaydedildi:
| Yazar: | |
|---|---|
| Materyal Türü: | Kitap |
| Dil: | Undetermined |
| Baskı/Yayın Bilgisi: |
Thành phố Hồ Chí Minh
Tổng hợp Thành phố Hồ Chí Minh
2018
|
| Konular: | |
| Etiketler: |
Etiketle
Etiket eklenmemiş, İlk siz ekleyin!
|
| Thư viện lưu trữ: | Trung tâm Học liệu Trường Đại học Cần Thơ |
|---|
| LEADER | 01103nam a2200217Ia 4500 | ||
|---|---|---|---|
| 001 | CTU_230997 | ||
| 008 | 210402s9999 xx 000 0 und d | ||
| 020 | |c 75000 | ||
| 082 | |a 142.78 | ||
| 082 | |b F648 | ||
| 100 | |a Flynn, Thomas | ||
| 245 | 0 | |a Chủ nghĩa hiện sinh : | |
| 245 | 0 | |b Dẫn luận ngắn = Existentialism : A very short introduction | |
| 245 | 0 | |c Thomas Flynn ; Đinh Hồng Phúc (dịch) | |
| 260 | |a Thành phố Hồ Chí Minh | ||
| 260 | |b Tổng hợp Thành phố Hồ Chí Minh | ||
| 260 | |c 2018 | ||
| 520 | |a Nội dung sách giới thiệu về triết học như một phương cách sống, trở thành cá nhân. Thuyết nhân bản: ủng hộ và chống đối. Tính đích thực. Một chủ nghĩa cá nhân bị chế ước? thuyết hiện sinh và tư tưởng xã hội. Chủ nghĩa hiện sinh trong thế kỷ 21. | ||
| 650 | |a Chủ nghĩa hiện sinh,Existentialism | ||
| 910 | |b dqhieu | ||
| 980 | |a Trung tâm Học liệu Trường Đại học Cần Thơ | ||